| 000 | 00446nam a2200169Ia 4500 | ||
|---|---|---|---|
| 008 | 180921t2015 xxu||||| |||| 00| 0 sin d | ||
| 041 | _asin | ||
| 080 |
_a294.3 _bSUM |
||
| 100 | _aSumanasara Himi, Liyangahawela | ||
| 245 | _aබුදු ගුණ අනන්තයි | ||
| 246 | _aBudu Guna Ananthai | ||
| 260 |
_bGodage _aColombo _c2015 |
||
| 300 | _b103p, 22cm | ||
| 942 | _cBK | ||
| 999 |
_c5535 _d5535 |
||
| 003 | LK-CoDNM | ||
| 040 |
_aLK-CoDNM _dLK-CoDNM _eLK-CoDNM |
||